00359cam a22001097a 4500008004000000082001700040100002200057245009600079260002500175300001200200650003700212180718b1956 xxu||||| |||| 00| 0 eng d aA99 T45/Sh29 aShay, Theodore L. aLegacy of the Lokmanya:the political philosophy of Bal Gangadhar Tilakcby Theodore L. Shay aLondonbOxfordc1956 axx,215p aTilak, Bal Gangadhar, 1856-1920.